Načítá se...

Dahan

Podrobná bibliografie
Hlavní autor: SUMITRA BHATTACHARYA
Médium: Printed Book
Vydáno: Ananda Publishers,Calcutta-9 1995
Témata:
LEADER 00682 a2200217 4500
008 110219t1995
020 |a 8171195903 
100 |a SUMITRA BHATTACHARYA 
245 |a Dahan 
260 |b Ananda Publishers,Calcutta-9 
260 |c 1995 
300 |a 176 
546 |a In Hindi 
650 |a Literature 
650 0 |a Hindi-Novel 
653 |a Anudit Novel 
942 |c BK 
541 |h 40 
999 |c 247305  |d 247305 
952 |0 0  |1 0  |4 0  |6 S_32  |7 0  |9 274614  |a HIN  |b HIN  |c S-32  |d 2016-05-13  |e Rajkamal Parkashan  |g 150.00  |i 24741  |l 0  |o S-32  |p HIN24741  |r 2016-05-13  |w 2018-08-23  |y BK 
952 |0 0  |1 0  |4 0  |6 S_32  |7 0  |9 274615  |a HIN  |b HIN  |c S-32  |d 2016-06-20  |g 150.00  |i 24814  |l 0  |o S-32  |p HIN24814  |r 2016-06-20  |w 2018-08-23  |y BK